[Event "Verbandsliga Nord Baden 0910"]
[Site "Baden"]
[Date "2010.10.17"]
[Round "1.2"]
[White "Mueller, Matthias Michael"]
[Black "Haas, Michael"]
[Result "0-1"]
[WhiteElo "2307"]
[BlackElo "2191"]
[PlyCount "132"]
[EventDate "2010.10.17"]
[EventType "team-tourn"]
[EventRounds "9"]
[EventCountry "GER"]
[SourceTitle "EXT 2012"]
[Source "ChessBase"]
[SourceDate "2011.11.24"]
[SourceVersion "1"]
[SourceVersionDate "2011.11.24"]
[SourceQuality "1"]
[WhiteTeam "Mosbach"]
[BlackTeam "Walldorf"]
[WhiteTeamCountry "GER"]
[BlackTeamCountry "GER"]

1. e4 d5 2. exd5 Qxd5 3. Nc3 Qa5 4. d4 Nf6 5. Nf3 c6 6. Bc4 Bf5 7. Bd2 e6 8. Qe2 Bb4 9. 0-0-0 Nbd7 10. a3 Bxc3 11. Bxc3 Qc7 12. Bd2 0-0-0 13. Nh4 Bg6 14. Nxg6 hxg6 15. g3 b5 16. Bb3 Nb6 17. c3 Kb7 18. h4 Qe7 19. Rhe1 Rc8 20. Kb1 Rhe8 21. Bg5 Qf8 22. Ka2 a5 23. Bc2 Nfd5 24. Bd3 Ka7 25. Bd2 a4 26. Rc1 Qd6 27. f4 Red8 28. h5 gxh5 29. Qxh5 g6 30. Qh7 Rd7 31. Rh1 Nc4 32. Qh2 Ndb6 33. Qe2 Ka6 34. Be3 Na5 35. Rcd1 Nbc4 36. Bf2 Nb6 37. Kb1 Qd5 38. Rh7 Nac4 39. Bc2 Rdc7 40. Be4 Qd6 41. Ka2 Nd5 42. Bxd5 Qxd5 43. Ka1 Rg8 44. Re1 Qd6 45. Ka2 Qe7 46. Be3 Qf6 47. Bc1 Rcc8 48. Reh1 Rh8 49. b3 axb3+ 50. Kxb3 Rhd8 51. a4 Qf5 52. axb5+ Qxb5+ 53. Kc2 c5 54. Rxf7 cxd4 55. Qxe6+ Rc6 56. Qe7 Qa4+ 57. Kd3 Ne5+ 58. fxe5 Rxc3+ 59. Ke2 d3+ 60. Kf2 Qc2+ 61. Kf3 d2+ 62. Kg4 d1Q+ 63. Rxd1 Qxd1+ 64. Kh3 Rh8+ 65. Rh7 Rxh7+ 66. Qxh7 Qh1+ 0-1

[Event "Verbandsliga Nord Baden 0607"]
[Site "Germany"]
[Date "2007.04.29"]
[Round "9.1"]
[White "Pinter, Jozsef"]
[Black "Mueller, Matthias Michael"]
[Result "1-0"]
[WhiteElo "2532"]
[BlackElo "2307"]
[PlyCount "107"]
[EventDate "2006.10.22"]
[EventType "team"]
[EventRounds "9"]
[EventCountry "GER"]
[SourceTitle "EXT 2008"]
[Source "ChessBase"]
[SourceDate "2007.11.25"]
[SourceVersion "1"]
[SourceVersionDate "2007.11.25"]
[SourceQuality "1"]
[WhiteTeam "Buchen"]
[BlackTeam "Mosbach"]
[WhiteTeamCountry "GER"]
[BlackTeamCountry "GER"]

1. d4 d5 2. c4 Nc6 3. Nc3 Nf6 4. Nf3 dxc4 5. e4 Bg4 6. d5 Ne5 7. Bf4 Bxf3 8. gxf3 Nfd7 9. Bg3 e6 10. f4 Nd3+ 11. Bxd3 cxd3 12. dxe6 fxe6 13. Qxd3 Nc5 14. Qe2 Qf6 15. Rd1 Be7 16. Nb5 Na6 17. 0-0 0-0 18. Qc4 Kh8 19. Nd4 c5 20. Nxe6 b5 21. Qd5 Rfc8 22. f5 Nb4 23. Qd7 Bf8 24. Qxb5 Qxb2 25. Rd7 Qxa2 26. Be5 Nc6 27. Bg3 Nd4 28. Nxd4 cxd4 29. Rxd4 a5 30. Rd7 a4 31. Be5 Qb3 32. Qxb3 axb3 33. f6 gxf6 34. Bxf6+ Kg8 35. Kh1 Bc5 36. Rg1+ Kf8 37. Rxh7 Bxf2 38. Rgg7 Rc1+ 39. Kg2 Rg1+ 40. Kxf2 Rxg7 41. Bxg7+ Kf7 42. Bd4+ Ke6 43. Rb7 Ra2+ 44. Kg3 Ra4 45. Rb6+ Kd7 46. Bf2 Rxe4 47. Rxb3 Re8 48. h4 Rg8+ 49. Kh3 Ke6 50. Rf3 Rh8 51. Be3 Ke5 52. Bg5 Ke4 53. Rf1 Rh7 54. Kg4 1-0

[Event "Verbandsliga Nord Baden 0607"]
[Site "Germany"]
[Date "2007.02.11"]
[Round "6.1"]
[White "Piekors, Mark"]
[Black "Mueller, Matthias Michael"]
[Result "1/2-1/2"]
[WhiteElo "2111"]
[BlackElo "2307"]
[PlyCount "160"]
[EventDate "2006.10.22"]
[EventType "team"]
[EventRounds "9"]
[EventCountry "GER"]
[SourceTitle "EXT 2008"]
[Source "ChessBase"]
[SourceDate "2007.11.25"]
[SourceVersion "1"]
[SourceVersionDate "2007.11.25"]
[SourceQuality "1"]
[WhiteTeam "Lampertheim"]
[BlackTeam "Mosbach"]
[WhiteTeamCountry "GER"]
[BlackTeamCountry "GER"]

1. d4 Nf6 2. Nf3 g6 3. c4 Bg7 4. g3 0-0 5. Bg2 d6 6. 0-0 c6 7. Nc3 Qa5 8. h3 Be6 9. d5 cxd5 10. Nd4 dxc4 11. Nxe6 fxe6 12. Bxb7 Nbd7 13. Bxa8 Rxa8 14. e4 Ne5 15. Qc2 Rb8 16. Be3 Nfd7 17. Kg2 Nd3 18. Rab1 d5 19. Bd2 d4 20. Na4 Qa6 21. Rfd1 Rf8 22. Be1 Qc6 23. Rxd3 Qxe4+ 24. f3 cxd3 25. Qd1 Qd5 26. Qxd3 Ne5 27. Qe4 Nxf3 28. Qxd5 exd5 29. Bb4 Rf7 30. Bxe7 Nd2 31. Rd1 Ne4 32. Bc5 Rf2+ 33. Kg1 Rf3 34. Bxd4 Rxg3+ 35. Kh2 Bh6 36. Be5 Rxh3+ 37. Kg2 Rh5 38. Rxd5 Kf7 39. Ra5 Ke6 40. Bc7 Rxa5 41. Bxa5 Kd5 42. Bc7 Bg7 43. Bb8 Bd4 44. Kf3 a6 45. Kf4 h6 46. Bc7 Ng5 47. Ba5 Kc4 48. Nc3 Kd3 49. Kg4 Ne6 50. Nd5 Kc4 51. Ne7 h5+ 52. Kf3 g5 53. Ke4 Nc5+ 54. Kf5 g4 55. Be1 Bxb2 56. Kg5 Nd3 57. Bh4 Be5 58. Kxh5 g3 59. Nf5 Nf4+ 60. Kg4 g2 61. Bf2 Kb4 62. Nh4 Ka3 63. Kf3 Kxa2 64. Bb6 Nd5 65. Bc5 Bd6 66. Bd4 Be5 67. Bc5 Nf4 68. Bb6 Kb3 69. Nxg2 Nxg2 70. Kxg2 Kc4 71. Kf3 Bd4 72. Bd8 Kb5 73. Ke4 Bb6 74. Be7 a5 75. Kd3 Bc5 76. Bf6 a4 77. Kc2 Kc4 78. Kb2 a3+ 79. Ka2 Kb4 80. Bg5 Ka4 1/2-1/2

[Event "Verbandsliga Nord Baden 0607"]
[Site "Germany"]
[Date "2006.10.22"]
[Round "1.1"]
[White "Mueller, Matthias Michael"]
[Black "Tavakolian, Martin"]
[Result "0-1"]
[WhiteElo "2307"]
[BlackElo "2157"]
[PlyCount "94"]
[EventDate "2006.10.22"]
[EventType "team"]
[EventRounds "9"]
[EventCountry "GER"]
[SourceTitle "EXT 2008"]
[Source "ChessBase"]
[SourceDate "2007.11.25"]
[SourceVersion "1"]
[SourceVersionDate "2007.11.25"]
[SourceQuality "1"]
[WhiteTeam "Mosbach"]
[BlackTeam "Lindenhof"]
[WhiteTeamCountry "GER"]
[BlackTeamCountry "GER"]

1. e4 d6 2. d4 Nf6 3. Nc3 g6 4. Be3 c6 5. Qd2 Nbd7 6. Nf3 Qa5 7. Bd3 b5 8. 0-0 Bg7 9. Bh6 0-0 10. a4 b4 11. Ne2 c5 12. Ng3 Bxh6 13. Qxh6 cxd4 14. Nxd4 Nc5 15. Rfe1 Nxd3 16. cxd3 Qb6 17. Nf3 Qxf2+ 18. Kh1 Ng4 19. Qg5 Qc5 20. d4 Qxg5 21. Nxg5 Nf2+ 22. Kg1 Nd3 23. Re3 Ba6 24. Nf3 Rac8 25. Ne1 Nxe1 26. Raxe1 Rc4 27. Rd1 Rfc8 28. Rb3 Bb7 29. a5 Bc6 30. Rd2 h5 31. h4 Ba4 32. Re3 Rc1+ 33. Kf2 Bc2 34. Ne2 Rb1 35. Nc3 Rxb2 36. Nd5 Kf8 37. Ree2 b3 38. Nb4 Rc4 39. Nd3 Ra2 40. Nc1 Rxa5 41. Nd3 Bxd3 42. Rxd3 Rb5 43. Rb2 Rcb4 44. Ke3 a5 45. Rd1 a4 46. Ra1 Rc4 47. Kd3 Rbb4 0-1

[Event "Verbandsliga Nord Baden 0506"]
[Site "Germany"]
[Date "2006.03.19"]
[Round "7.1"]
[White "Mueller, Matthias Michael"]
[Black "Vatter, Hans Joachim"]
[Result "0-1"]
[WhiteElo "2307"]
[BlackElo "2317"]
[PlyCount "54"]
[EventDate "2005.10.16"]
[EventType "team"]
[EventRounds "9"]
[EventCountry "GER"]
[SourceTitle "EXT 2007"]
[Source "ChessBase"]
[SourceDate "2006.11.23"]
[SourceVersion "1"]
[SourceVersionDate "2006.11.23"]
[SourceQuality "1"]
[WhiteTeam "Mosbach"]
[BlackTeam "Karlsruhe Slavija"]
[WhiteTeamCountry "GER"]
[BlackTeamCountry "GER"]

1. e4 Nf6 2. Nc3 d5 3. e5 d4 4. Nce2 Ne4 5. c3 Nc6 6. Nf3 dxc3 7. bxc3 Nc5 8. d4 Nd7 9. Ba3 e6 10. Bxf8 Nxf8 11. Nf4 Ng6 12. Nh5 0-0 13. h4 f6 14. exf6 gxf6 15. Qd2 Rf7 16. Bd3 Qd5 17. Ng3 Bd7 18. h5 Nf8 19. Rh4 Na5 20. Qh6 Bb5 21. Bg6 Rg7 22. Ne4 Qc4 23. 0-0-0 Qxa2 24. Nxf6+ Kh8 25. Re1 Rxg6 26. hxg6 Nb3+ 27. Kd1 Qb1+ 0-1

[Event "Verbandsliga Nord Baden 0506"]
[Site "Germany"]
[Date "2006.02.05"]
[Round "6.2"]
[White "Mueller, Matthias Michael"]
[Black "Haas, Michael"]
[Result "1/2-1/2"]
[WhiteElo "2307"]
[BlackElo "2176"]
[PlyCount "100"]
[EventDate "2005.10.16"]
[EventType "team"]
[EventRounds "9"]
[EventCountry "GER"]
[SourceTitle "EXT 2007"]
[Source "ChessBase"]
[SourceDate "2006.11.23"]
[SourceVersion "1"]
[SourceVersionDate "2006.11.23"]
[SourceQuality "1"]
[WhiteTeam "Mosbach"]
[BlackTeam "Walldorf"]
[WhiteTeamCountry "GER"]
[BlackTeamCountry "GER"]

1. e4 e5 2. Bc4 Nf6 3. d3 Bc5 4. Nc3 d6 5. f4 a6 6. Nf3 Nc6 7. Rf1 Bg4 8. h3 Bxf3 9. Qxf3 Qd7 10. Qg3 Nh5 11. Qg5 Nxf4 12. Bxf4 exf4 13. Qxg7 0-0-0 14. Qxf7 Rdf8 15. Qxd7+ Kxd7 16. 0-0-0 b5 17. Bd5 Nd4 18. a3 a5 19. Rde1 c6 20. Ba2 Ne6 21. Bxe6+ Kxe6 22. Kd1 Bd4 23. Kd2 Rhg8 24. Re2 Rg3 25. Nd1 f3 26. gxf3 Rfxf3 27. Rxf3 Rxf3 28. c3 Be5 29. Nf2 Bg3 30. Nd1 Bf4+ 31. Kc2 Rxh3 32. b3 h5 33. Rf2 Rh2 34. Rxh2 Bxh2 35. Kd2 Bf4+ 36. Ke2 d5 37. exd5+ Kxd5 38. a4 Bg5 39. Nf2 Ke5 40. Kf3 Be7 41. Ne4 b4 42. cxb4 Bxb4 43. Ke3 Bf8 44. d4+ Kf5 45. Kf3 h4 46. Nd2 Bd6 47. Nc4 Bc7 48. Ne3+ Ke6 49. Kg4 Bd8 50. Kh3 Kd6 1/2-1/2

[Event "Verbandsliga Nord Baden 0506"]
[Site "Germany"]
[Date "2006.01.15"]
[Round "5.1"]
[White "Mueller, Matthias Michael"]
[Black "Biebinger, Gerhard"]
[Result "1/2-1/2"]
[WhiteElo "2307"]
[BlackElo "2309"]
[PlyCount "128"]
[EventDate "2005.10.16"]
[EventType "team"]
[EventRounds "9"]
[EventCountry "GER"]
[SourceTitle "EXT 2007"]
[Source "ChessBase"]
[SourceDate "2006.11.23"]
[SourceVersion "1"]
[SourceVersionDate "2006.11.23"]
[SourceQuality "1"]
[WhiteTeam "Mosbach"]
[BlackTeam "Kirchheim II"]
[WhiteTeamCountry "GER"]
[BlackTeamCountry "GER"]

1. e4 e6 2. d3 b5 3. Nf3 Bb7 4. g3 d6 5. Bg2 c5 6. 0-0 Nd7 7. c3 Ngf6 8. Nbd2 Be7 9. Qe2 0-0 10. Ng5 Ne8 11. Nh3 a5 12. f4 b4 13. f5 exf5 14. Rxf5 Bf6 15. c4 Bd4+ 16. Kh1 g6 17. Rf1 Nc7 18. Nf3 Bg7 19. Bg5 Qe8 20. Qd2 Ne6 21. Bh6 Ne5 22. Bxg7 Kxg7 23. Nf4 Nxf3 24. Bxf3 Nd4 25. Bg2 Qe5 26. Rf2 Rae8 27. Raf1 f6 28. Nh3 Bc8 29. Nf4 Bb7 30. Nh3 Bc8 31. Ng1 Bg4 32. Bh3 h5 33. Bxg4 hxg4 34. Qf4 Qxf4 35. Rxf4 f5 36. Kg2 g5 37. R4f2 fxe4 38. Rxf8 Rxf8 39. Rxf8 Kxf8 40. dxe4 Kf7 41. Kf2 a4 42. h3 gxh3 43. Nxh3 Kf6 44. Ke3 Nc6 45. Kd2 Ne5 46. b3 axb3 47. axb3 Nf3+ 48. Kc2 Nd4+ 49. Kb2 Ne2 50. g4 Ng3 51. Kc2 Nxe4 52. Kd3 Ke5 53. Ke3 d5 54. cxd5 Kxd5 55. Kd3 Ke5 56. Ke3 c4 57. bxc4 b3 58. Kd3 Kf6 59. Ng1 b2 60. Kc2 Nd2 61. Kxb2 Nxc4+ 62. Kc3 Ne5 63. Nh3 Nxg4 64. Nxg5 Kxg5 1/2-1/2

[Event "Verbandsliga Nord Baden 0506"]
[Site "Germany"]
[Date "2005.11.27"]
[Round "3.1"]
[White "Hildenbrand, Peter"]
[Black "Mueller, Matthias Michael"]
[Result "0-1"]
[WhiteElo "2202"]
[BlackElo "2307"]
[PlyCount "90"]
[EventDate "2005.10.16"]
[EventType "team"]
[EventRounds "9"]
[EventCountry "GER"]
[SourceTitle "EXT 2007"]
[Source "ChessBase"]
[SourceDate "2006.11.23"]
[SourceVersion "1"]
[SourceVersionDate "2006.11.23"]
[SourceQuality "1"]
[WhiteTeam "Leimen"]
[BlackTeam "Mosbach"]
[WhiteTeamCountry "GER"]
[BlackTeamCountry "GER"]

1. e4 c5 2. Nc3 Nc6 3. f4 g6 4. Bb5 Nd4 5. Nf3 Bg7 6. Nxd4 cxd4 7. Ne2 Qb6 8. Bc4 e6 9. d3 Ne7 10. 0-0 d5 11. exd5 exd5 12. Bb3 0-0 13. Ng3 a5 14. a4 h5 15. h3 Bd7 16. Qf3 h4 17. Ne2 Qd6 18. Bd2 b6 19. Be1 Nf5 20. Qxd5 Qxd5 21. Bxd5 Rac8 22. Bb3 Ne3 23. Bxh4 Nxf1 24. Kxf1 Be6 25. Bxe6 fxe6 26. c3 dxc3 27. bxc3 Bxc3 28. Rb1 Bb4 29. Bf2 Rfd8 30. Rb3 Rd6 31. g4 Rc2 32. h4 Ra2 33. d4 Rxa4 34. Re3 Ra1+ 35. Kg2 a4 36. h5 gxh5 37. gxh5 a3 38. Rb3 Ba5 39. d5 Rxd5 40. Bd4 Ra2 41. Rg3+ Kf8 42. Kf3 Rxh5 43. Be5 Rd2 44. Bg7+ Kf7 45. Rg1 Rh3+ 0-1

[Event "Verbandsliga Nord Baden 0405"]
[Site "Germany"]
[Date "2005.03.13"]
[Round "8.1"]
[White "Mueller, Matthias Michael"]
[Black "Dushatskiy, Fedor"]
[Result "1/2-1/2"]
[WhiteElo "2307"]
[BlackElo "2204"]
[PlyCount "114"]
[EventDate "2004.10.10"]
[EventType "team"]
[EventRounds "9"]
[EventCountry "GER"]
[SourceTitle "EXT 2007"]
[Source "ChessBase"]
[SourceDate "2006.11.23"]
[SourceVersion "1"]
[SourceVersionDate "2006.11.23"]
[SourceQuality "1"]
[WhiteTeam "Mosbach"]
[BlackTeam "Kirchheim II"]
[WhiteTeamCountry "GER"]
[BlackTeamCountry "GER"]

1. e4 e5 2. Bc4 Nf6 3. d3 c6 4. Nf3 Be7 5. Nc3 0-0 6. 0-0 b5 7. Bb3 d6 8. a4 b4 9. Ne2 Nbd7 10. c3 Rb8 11. Ng3 Nc5 12. Bc2 b3 13. Bb1 Bg4 14. d4 Ne6 15. Be3 Qc7 16. h3 Bxf3 17. Qxf3 Nd7 18. Nf5 Bf6 19. Qg3 Kh8 20. Rd1 g6 21. Nh6 Bg7 22. f3 Nb6 23. dxe5 dxe5 24. Bd3 a5 25. Qf2 Nf4 26. Ng4 h5 27. Bxb6 Rxb6 28. Ne3 Rd8 29. Bc4 Rbb8 30. Qe1 Bf8 31. Kh2 Bc5 32. g3 Qb6 33. Rxd8+ Rxd8 34. Rd1 Rxd1 35. Nxd1 Ne6 36. Qd2 Kg7 37. Bxe6 fxe6 38. Qd7+ Kf6 39. g4 hxg4 40. hxg4 Be3 41. Kg2 Bc1 42. Nf2 g5 43. Nd3 Qe3 44. Qd8+ Kg7 45. Qe7+ Kh8 46. Qf8+ Kh7 47. Qf7+ Kh8 48. Qe8+ Kh7 49. Qd7+ Kh8 50. Qc8+ Kh7 51. Qb7+ Kh8 52. Nxc1 Qd2+ 53. Kh3 Qxc1 54. Qb8+ Kh7 55. Qxb3 Qf1+ 56. Kg3 Qg1+ 57. Kh3 Qh1+ 1/2-1/2

[Event "Verbandsliga Nord Baden 0405"]
[Site "Germany"]
[Date "2004.12.19"]
[Round "4.2"]
[White "Mueller, Matthias Michael"]
[Black "Schell, Peter"]
[Result "1-0"]
[WhiteElo "2307"]
[BlackElo "2108"]
[PlyCount "59"]
[EventDate "2004.10.10"]
[EventType "team"]
[EventRounds "9"]
[EventCountry "GER"]
[SourceTitle "EXT 2007"]
[Source "ChessBase"]
[SourceDate "2006.11.23"]
[SourceVersion "1"]
[SourceVersionDate "2006.11.23"]
[SourceQuality "1"]
[WhiteTeam "Mosbach"]
[BlackTeam "Walldorf"]
[WhiteTeamCountry "GER"]
[BlackTeamCountry "GER"]

1. e4 c5 2. Nc3 Nc6 3. Bb5 e6 4. Bxc6 dxc6 5. f4 g5 6. d3 gxf4 7. Bxf4 Qf6 8. Qd2 e5 9. Bg5 Qd6 10. Nf3 Be6 11. 0-0 h6 12. Bh4 Bg7 13. Ne2 Ne7 14. Ng3 0-0-0 15. Nh5 Rhg8 16. Nxg7 Rxg7 17. Bf6 Rg6 18. Bxe5 Qd7 19. Kh1 f5 20. Qa5 Rdg8 21. Qxa7 Kd8 22. Rf2 fxe4 23. dxe4 Ke8 24. Qxc5 Bg4 25. Bg3 Bxf3 26. Rxf3 Rg5 27. Qf2 Rg4 28. Rd3 Qc8 29. Rf1 Qe6 30. Qd2 1-0

[Event "Baden VLN 0304"]
[Site "Baden"]
[Date "2004.02.29"]
[Round "6.2"]
[White "Mueller, Matthias Michael"]
[Black "Jacob, Volker"]
[Result "1-0"]
[WhiteElo "2307"]
[BlackElo "2275"]
[PlyCount "81"]
[EventDate "2003.10.12"]
[EventType "team-tourn"]
[EventRounds "9"]
[EventCountry "GER"]
[SourceTitle "EXT 2022"]
[Source "ChessBase"]
[SourceDate "2021.10.06"]
[SourceVersion "1"]
[SourceVersionDate "2021.10.06"]
[SourceQuality "1"]
[WhiteTeam "Mosbach"]
[BlackTeam "Neckargemuend"]
[WhiteTeamCountry "GER"]
[BlackTeamCountry "GER"]

1. e4 e5 2. Bc4 Nf6 3. d3 Be7 4. f4 d5 5. exd5 exf4 6. Nc3 Bg4 7. Nf3 0-0 8. Bxf4 c6 9. dxc6 Nxc6 10. Qd2 Bxf3 11. gxf3 Nh5 12. Be3 Bh4+ 13. Kd1 Qf6 14. f4 Rad8 15. Kc1 Qf5 16. Ne4 b5 17. Bb3 Nd4 18. Bxd4 Rxd4 19. Rf1 Rc8 20. Qe3 Rd7 21. a4 b4 22. Kb1 h6 23. Ka2 Nf6 24. Nxf6+ Bxf6 25. Qe4 Qc5 26. Rae1 Kh8 27. Qc4 Qf8 28. Qb5 Rdc7 29. Re2 g6 30. Rfe1 Qg7 31. Re8+ Rxe8 32. Qxe8+ Kh7 33. Rb1 Bd4 34. Qb8 Re7 35. Qxb4 Re2 36. h4 h5 37. f5 gxf5 38. Qb5 Re7 39. Rf1 Be5 40. d4 Bxd4 41. Rxf5 1-0

[Event "Baden VLN 0203"]
[Site "Baden"]
[Date "2003.01.19"]
[Round "5.1"]
[White "Mueller, Matthias Michael"]
[Black "Leibbrand, Udo Manfred"]
[Result "1/2-1/2"]
[WhiteElo "2307"]
[BlackElo "2125"]
[PlyCount "130"]
[EventDate "2002.10.13"]
[EventType "team-tourn"]
[EventRounds "9"]
[EventCountry "GER"]
[SourceTitle "EXT 2022"]
[Source "ChessBase"]
[SourceDate "2021.10.06"]
[SourceVersion "1"]
[SourceVersionDate "2021.10.06"]
[SourceQuality "1"]
[WhiteTeam "Mosbach"]
[BlackTeam "Pforzheim"]
[WhiteTeamCountry "GER"]
[BlackTeamCountry "GER"]

1. e4 e5 2. Bc4 Nf6 3. d3 Nc6 4. Nc3 Bb4 5. Bg5 h6 6. Bxf6 Qxf6 7. Nge2 d6 8. 0-0 Bxc3 9. Nxc3 Be6 10. Nd5 Qd8 11. f4 exf4 12. Rxf4 Ne5 13. Bb3 Ng6 14. Rf2 0-0 15. Qd2 Ne7 16. Ne3 Bxb3 17. axb3 Qd7 18. Raf1 d5 19. e5 d4 20. Nf5 Nxf5 21. Rxf5 Rae8 22. Qf4 Re6 23. Rf3 Rg6 24. h4 c5 25. h5 Re6 26. Rg3 Qe7 27. Rf6 Rxe5 28. Qxh6 Re1+ 29. Kh2 Rh1+ 30. Kxh1 Qe1+ 31. Kh2 Qxg3+ 32. Kxg3 gxh6 33. Rxh6 Re8 34. Rf6 Re5 35. h6 Re2 36. h7+ Kxh7 37. Rxf7+ Kg6 38. Rf2 Re1 39. Kf4 a5 40. g4 b5 41. Rh2 a4 42. bxa4 bxa4 43. Rh5 Rf1+ 44. Ke4 Re1+ 45. Kd5 Rb1 46. Kxc5 Rxb2 47. Kxd4 Rxc2 48. Ra5 Rg2 49. Kc4 Rxg4+ 50. d4 Kf6 51. Rxa4 Ke6 52. Ra6+ Kd7 53. Kc5 Kc7 54. d5 Kb7 55. Rh6 Rg7 56. Kd6 Kb6 57. Re6 Rh7 58. Re7 Rh6+ 59. Re6 Rh7 60. Re5 Rg7 61. Re1 Rg6+ 62. Ke7 Rg7+ 63. Kf6 Rh7 64. Re6+ Kc5 65. d6 Kc6 1/2-1/2

[Event "Baden VLN 0203"]
[Site "Baden"]
[Date "2002.11.24"]
[Round "3.1"]
[White "Mueller, Matthias Michael"]
[Black "Jurlina, Robert"]
[Result "0-1"]
[WhiteElo "2307"]
[BlackElo "2169"]
[PlyCount "132"]
[EventDate "2002.10.13"]
[EventType "team-tourn"]
[EventRounds "9"]
[EventCountry "GER"]
[SourceTitle "EXT 2022"]
[Source "ChessBase"]
[SourceDate "2021.10.06"]
[SourceVersion "1"]
[SourceVersionDate "2021.10.06"]
[SourceQuality "1"]
[WhiteTeam "Mosbach"]
[BlackTeam "Ladenburg"]
[WhiteTeamCountry "GER"]
[BlackTeamCountry "GER"]

1. e4 e5 2. Bc4 Nc6 3. Nc3 Bc5 4. Qg4 g6 5. Qf3 Nf6 6. Nge2 d6 7. d3 Bg4 8. Qg3 Qd7 9. Qh4 Ng8 10. 0-0 f6 11. Bxg8 Bxe2 12. Nxe2 Rxg8 13. c3 g5 14. Qh5+ Qf7 15. Ng3 Qxh5 16. Nxh5 Kf7 17. b4 Bb6 18. a4 a5 19. b5 Ne7 20. Be3 d5 21. c4 dxc4 22. dxc4 Bd4 23. Rad1 Rgd8 24. Bc1 Rd7 25. Rd2 Rad8 26. Rfd1 c6 27. Kf1 cxb5 28. cxb5 Rc8 29. Ra2 Rc4 30. Ke2 Rdc7 31. Bd2 b6 32. f3 Ng6 33. g4 Ke6 34. Ng3 Rc2 35. Rxc2 Rxc2 36. Rc1 Nf4+ 37. Kd1 Ra2 38. Nf5 Bc5 39. Rc4 Nd3 40. Ke2 Nf4+ 41. Kd1 Ra1+ 42. Kc2 Ra2+ 43. Kd1 Nd3 44. Ke2 Bb4 45. Rc6+ Kf7 46. Kxd3 Rxd2+ 47. Kc4 Rxh2 48. Rxb6 Rc2+ 49. Kb3 Rc3+ 50. Kb2 Rxf3 51. Rb7+ Ke6 52. Rxh7 Rf2+ 53. Kb1 Rf1+ 54. Kc2 Rf2+ 55. Kd3 Rd2+ 56. Kc4 Rc2+ 57. Kb3 Re2 58. b6 Rxe4 59. Rc7 Bd6 60. Rc6 Rxg4 61. Kc3 Kxf5 62. Rxd6 Rb4 63. Rd5 Rxb6 64. Rxa5 g4 65. Rc5 g3 66. a5 Rb1 0-1

[Event "Baden VLN 0102"]
[Site "Germany"]
[Date "2002.05.05"]
[Round "9.1"]
[White "Mueller, Matthias Michael"]
[Black "Fuchs, Heinz"]
[Result "1/2-1/2"]
[WhiteElo "2290"]
[BlackElo "2328"]
[PlyCount "92"]
[EventDate "2001.09.30"]
[EventType "team"]
[EventRounds "9"]
[EventCountry "GER"]
[SourceTitle "EXT 2003"]
[Source "ChessBase"]
[SourceDate "2002.11.25"]
[SourceVersion "1"]
[SourceVersionDate "2002.11.25"]
[SourceQuality "1"]
[WhiteTeam "Mosbach"]
[BlackTeam "Untergrombach"]
[WhiteTeamCountry "GER"]
[BlackTeamCountry "GER"]

1. e4 c5 2. Nf3 e6 3. d3 Nc6 4. g3 d5 5. Nbd2 Bd6 6. Bg2 Nge7 7. 0-0 0-0 8. Re1 f6 9. c3 Bc7 10. a3 a5 11. a4 Kh8 12. Nb1 e5 13. Na3 Be6 14. Nb5 d4 15. Qc2 Nc8 16. Nd2 Nd6 17. Nxd6 Bxd6 18. Nc4 Bc7 19. Na3 Rc8 20. Nb5 Bb8 21. Qe2 Qd7 22. Bd2 dxc3 23. bxc3 Rfd8 24. Bf1 c4 25. d4 exd4 26. cxd4 Nxd4 27. Nxd4 Qxd4 28. Bxa5 b6 29. Red1 Qc5 30. Bc3 Be5 31. Qc2 Rxd1 32. Rxd1 Bxc3 33. Qxc3 Ra8 34. Ra1 h6 35. Be2 b5 36. axb5 Rxa1+ 37. Qxa1 Qxb5 38. Bd1 Qd7 39. Bc2 Bh3 40. Qd1 Qe7 41. Qd2 Qe5 42. f4 Qc5+ 43. Kh1 Qb6 44. e5 Qc6+ 45. Kg1 f5 46. Kf2 Qb6+ 1/2-1/2

[Event "Baden VLN 0102"]
[Site "Germany"]
[Date "2001.10.21"]
[Round "2.1"]
[White "Mueller, Matthias Michael"]
[Black "Schafranietz, Sebastian"]
[Result "1/2-1/2"]
[WhiteElo "2290"]
[BlackElo "2203"]
[PlyCount "119"]
[EventDate "2001.09.30"]
[EventType "team"]
[EventRounds "9"]
[EventCountry "GER"]
[SourceTitle "EXT 2003"]
[Source "ChessBase"]
[SourceDate "2002.11.25"]
[SourceVersion "1"]
[SourceVersionDate "2002.11.25"]
[SourceQuality "1"]
[WhiteTeam "Mosbach"]
[BlackTeam "Pforzheim"]
[WhiteTeamCountry "GER"]
[BlackTeamCountry "GER"]

1. e4 c5 2. Nf3 Nc6 3. d4 cxd4 4. Nxd4 Nf6 5. Nc3 Qb6 6. Nb3 e6 7. Be3 Qc7 8. Bd3 Bb4 9. 0-0 0-0 10. Nb5 Qb8 11. c3 Be7 12. f4 d6 13. g4 e5 14. f5 a6 15. g5 axb5 16. gxf6 Bxf6 17. Rf3 Ra4 18. Nd2 Qa8 19. a3 b4 20. Bc2 Ra6 21. cxb4 Nxb4 22. Bb3 Nd3 23. Nc4 b5 24. Qxd3 bxc4 25. Bxc4 Bb7 26. Rg3 Bxe4 27. Qe2 Rc6 28. Bd3 Bxd3 29. Qxd3 d5 30. Rd1 d4 31. Bh6 Kh8 32. Bg5 Qd8 33. Qe4 Rd6 34. Bxf6 Qxf6 35. b4 Rfd8 36. b5 g6 37. fxg6 hxg6 38. Rf1 Qg7 39. a4 d3 40. Rd1 d2 41. a5 Rd4 42. Qc6 e4 43. a6 Qe5 44. Qc3 Qxb5 45. Rxd2 Qxa6 46. Re3 Qb6 47. Kg2 Kg8 48. Rf2 Qe6 49. Qc7 Rd2 50. Kg3 R2d5 51. Kg2 Rg5+ 52. Rg3 Rxg3+ 53. hxg3 Qd5 54. Rxf7 e3+ 55. Kg1 Qxf7 56. Qxd8+ Qf8 57. Qd5+ Kh7 58. Qd7+ Qg7 59. Qh3+ Qh6 60. Qd7+ 1/2-1/2

[Event "Hassloch op-A"]
[Site "Hassloch"]
[Date "1999.??.??"]
[Round "1"]
[White "Weiler, Volker"]
[Black "Mueller, Matthias Michael"]
[Result "0-1"]
[WhiteElo "1990"]
[BlackElo "2275"]
[PlyCount "64"]
[EventDate "1999.05.??"]
[EventType "swiss"]
[EventRounds "7"]
[EventCountry "GER"]
[SourceTitle "EXT 2001"]
[Source "ChessBase"]
[SourceDate "2000.11.22"]
[SourceVersion "1"]
[SourceVersionDate "2000.11.22"]
[SourceQuality "1"]

1. d4 Nf6 2. c4 g6 3. Nc3 Bg7 4. e4 d6 5. Be2 0-0 6. Bg5 Na6 7. Qd2 e5 8. d5 c6 9. Bd3 Nc5 10. Bc2 a5 11. Nge2 Bd7 12. 0-0 cxd5 13. cxd5 b5 14. Ng3 b4 15. Nd1 Bb5 16. Re1 Qb6 17. h4 h5 18. Ne3 Nh7 19. Nef5 gxf5 20. Nxf5 Rfe8 21. Re3 Bd7 22. Rg3 Bxf5 23. exf5 f6 24. Bxf6 Nxf6 25. Qg5 Ng4 26. f6 Ne6 27. Bh7+ Kxh7 28. Qf5+ Kh6 29. dxe6 Qxf2+ 30. Qxf2 Nxf2 31. fxg7 Ng4 32. Rf1 Kxg7 0-1

[Event "Hockenheim op"]
[Site "Hockenheim"]
[Date "1997.??.??"]
[Round "4"]
[White "Klovans, Janis"]
[Black "Mueller, Matthias Michael"]
[Result "1-0"]
[WhiteElo "2445"]
[BlackElo "2360"]
[PlyCount "51"]
[EventDate "1997.??.??"]
[EventType "swiss (rapid)"]
[EventRounds "10"]
[EventCountry "GER"]
[SourceTitle "EXT 2000"]
[Source "ChessBase"]
[SourceDate "1999.11.16"]
[SourceVersion "1"]
[SourceVersionDate "1999.11.16"]
[SourceQuality "1"]

1. e4 c5 2. Nf3 d6 3. d4 cxd4 4. Nxd4 Nf6 5. Nc3 g6 6. Be3 Nc6 7. f3 Bg7 8. Bc4 0-0 9. Qd2 Bd7 10. h4 Qa5 11. 0-0-0 Rfc8 12. Bb3 Ne5 13. g4 Nc4 14. Bxc4 Rxc4 15. h5 Rac8 16. Nb3 Qa6 17. hxg6 Rxc3 18. bxc3 Be6 19. gxh7+ Kh8 20. Kb1 Nd7 21. Bd4 Ne5 22. Rh5 f6 23. Bxe5 fxe5 24. Rg5 Bf6 25. Rg6 Rf8 26. Qh6 1-0